ELEMENTARY METEOROLOGY FOR AIRCREW (Record no. 581806)
[ view plain ]
| 000 -LEADER | |
|---|---|
| fixed length control field | 00253nam a22001097a 4500 |
| 082 ## - DEWEY DECIMAL CLASSIFICATION NUMBER | |
| Classification number | 551.5 ELE'H |
| 100 ## - MAIN ENTRY--PERSONAL NAME | |
| Personal name | HER MAJESTY |
| 9 (RLIN) | 76415 |
| 245 ## - TITLE STATEMENT | |
| Title | ELEMENTARY METEOROLOGY FOR AIRCREW |
| 260 ## - PUBLICATION, DISTRIBUTION, ETC. | |
| Place of publication, distribution, etc. | LONDON |
| Name of publisher, distributor, etc. | HER MAJESTY |
| Date of publication, distribution, etc. | 1969 |
| 300 ## - PHYSICAL DESCRIPTION | |
| Extent | 262P |
| 942 ## - ADDED ENTRY ELEMENTS (KOHA) | |
| Koha item type | Book |
| Withdrawn status | Lost status | Damaged status | Not for loan | Permanent Location | Current Location | Shelving location | Date acquired | Total Checkouts | Full call number | Barcode | Date last seen | Price effective from | Koha item type |
|---|---|---|---|---|---|---|---|---|---|---|---|---|---|
| College of Electrical & Mechanical Engineering (CEME) | College of Electrical & Mechanical Engineering (CEME) | General Stacks | 05/29/2017 | 551.5 ELE'H | CEME-10834 | 06/28/2021 | 06/28/2021 | Book |
